| 000 | 00334nam a2200109Ia 4500 | ||
|---|---|---|---|
| 008 | 160523s9999 xx 000 0 und d | ||
| 245 | 4 | _aThe Future Internet | |
| 245 | _c Alex Galis, Anastasius Gavras. | ||
| 260 | _c2013 | ||
| 650 | _xInformation Technology. | ||
| 856 | _uhttp://link.springer.com/book/10.1007/978-3-642-38082-2/page/1 | ||
| 999 |
_c294739 _d294739 |
||